000 00891 a2200445 4500
000 BKB
001 070830
005 20200902150906.0
008
010 _a
020 _a
082 _a614.4015195
_bL96S
100 1 _aLui, Kung-jong
110 _a
245 1 _aStatistical estimation of epidemiological risk
_cby Kung-jong Lui
250 _a
260 _aEngland
_bJohn Wiley & Sons
_c2004
300 _a193p.
490 _a
_v
500 _a
600 _a
610 _a
611 _a
630 _a
650 _a
651 _a
654 _a
690 _aEpidemiology--Statistical methods
700 _a
_b
_c
710 _a
_b
_c
711 _a
720 _a
730 _a
740 _a
752 _a
856 _a
_d
_f
904 _a
964 _a
_bENG
_c
_d
_e
_f
_g
965 _a
999 _c4253
_d4253